Statistics for Kpop Quiz

Click here to take the quiz!

General Stats

  • This quiz has been taken 2,785 times
  • The average score is 5 of 11

Answer Stats

Hint Answer % Correct
Which kpop group won the Best Album award on MAMA(Mnet Asia Music Awards) in 2013? (has many members)Exo
86%
Which group has won the Golden Disk Daesung awards 4 years in a row? (Many members)Super junior
79%
Which Kpop group is the first to hold a concert in South America(Brazil, argentina, Chila, Peru)Super Junior
79%
,
65%
Which group pioneered and opened Japan's market for kpop? (A legendary group)TVXQ
46%
Which group has debuted for 14 years and has continued successfully in the industry? (6 member group)Shinhwa
45%
Which group won the popularity award in 23rd Seoul Music award?Shinee
44%
Which group is considered the Legendary kpop group?H.O.T
27%
Which group won the Best Group Performance awards at the Golden Disk award in 2013?Infinite
25%
Which girl group managed to place #2 on Hanteo(Korea area) &Gaon(Global) chart among all kpop girl groups in 2013F(x)
22%
Which company has merged with SM Entertainment? (infinite, tasty)Woollim Entertianment
20%

Score Distribution

Percentile by Number Answered

Percent of People with Each Score

Your Score History

You have not taken this quiz